| Tag |
First Indicator |
Second Indicator |
Subfields |
| LEADER |
00000cam a2200000 4500 |
| 001 |
in00000074229 |
| 005 |
20151008052541.0 |
| 008 |
720218s1947 nyu b 00000 eng |
| 010 |
|
|
|a 47011832
|
| 035 |
|
|
|a (OCoLC)00245201
|
| 035 |
|
|
|9 AAH3844AM
|
| 040 |
|
|
|c WSU
|d TXA
|d UtOrBLW
|
| 049 |
|
|
|a TXAM
|c 1 [151079]
|
| 050 |
|
0 |
|a LB2327
|b .C6
|
| 092 |
|
|
|a 378.73
|b C875c
|
| 100 |
1 |
|
|a Cowling, Donald J.
|q (Donald John),
|d 1880-1965.
|
| 245 |
1 |
0 |
|a Colleges for freedom ;
|b a study of purposes, practices and needs /
|c [by] Donald J. Cowling [and] Carter Davidson.
|
| 264 |
|
1 |
|a New York :
|b Harper,
|c [1947]
|
| 300 |
|
|
|a 180 pages
|
| 336 |
|
|
|a text
|b txt
|2 rdacontent
|
| 337 |
|
|
|a unmediated
|b n
|2 rdamedia
|
| 338 |
|
|
|a volume
|b nc
|2 rdacarrier
|
| 504 |
|
|
|a "Cultural reading": pages 81-91.
|
| 650 |
|
0 |
|a Education, Higher.
|
| 650 |
|
0 |
|a Universities and colleges
|z United States.
|
| 700 |
1 |
|
|a Davidson, Carter,
|d 1905-1965.
|
| 999 |
|
|
|a MARS
|
| 999 |
f |
f |
|s 56f0f2a0-efd9-3154-9a26-027d5a60374e
|i 4f11e5a5-e2c6-3d82-908f-a560c187b673
|t 0
|
| 952 |
f |
f |
|p normal
|a Texas A&M University
|b College Station
|c Sterling C. Evans Library
|d Evans: Library Stacks
|t 0
|e LB2327 .C6
|h Library of Congress classification
|i unmediated -- volume
|m A14800864419
|
| 998 |
f |
f |
|a LB2327 .C6
|t 0
|l Evans: Library Stacks
|